Logos of Turkish Municipalities. - Statistics

General Stats
  • This quiz has been taken 14 times
    13 since last reset
  • The average score is 7 of 30
Answer Stats
Picture Answer % Correct
İstanbul
85%
İzmir
77%
Ankara
46%
Samsun
46%
Antalya
38%
Konya
38%
Giresun
31%
Nevşehir
31%
Bilecik
23%
Bursa
23%
Kocaeli
23%
Malatya
23%
Mersin
23%
Trabzon
23%
Amasya
15%
Edirne
15%
Eskişehir
15%
Isparta
15%
Ordu
15%
Sivas
15%
Adana
8%
Adıyaman
8%
Aydın
8%
Çorum
8%
Kayseri
8%
Bitlis
0%
Diyarbakır
0%
Erzurum
0%
Hakkari
0%
Kars
0%
No matching quizzes found
Score Distribution
Percent of People with Each Score
Percentile by Number Answered
Your Score History
You have not taken this quiz since the last reset